[Event "Titled Tuesday intern op 24th Sep Late"]
[White "Lopez Paniagua, Mario Yber"]
[Black "Sriram, Sarja"]
[Site "Chess.com INT"]
[Round "7"]
[Result "0-1"]
[Date "2024.09.24"]
[WhiteElo "2163"]
[BlackElo "2146"]
[PlyCount "58"]
[EventDate "2024.09.24"]
[EventType "swiss (blitz)"]
[EventRounds "11"]
[EventCountry "USA"]
[SourceTitle "EXT 2025"]
[Source "ChessBase"]
[SourceDate "2024.10.14"]
[SourceVersion "1"]
[SourceVersionDate "2024.10.14"]
[SourceQuality "1"]

1. e4 d5 2. exd5 Qxd5 3. Nc3 Qa5 4. Nf3 Nf6 5. Bc4 c6 6. h3 Bf5 7. 0-0 e6 8. d4 Nbd7 9. Re1 Be7 10. a3 0-0 11. b4 Bxb4 12. axb4 Qxa1 13. Qd2 b5 14. Bb3 a5 15. bxa5 Qxa5 16. Qe3 Nd5 17. Bxd5 cxd5 18. Bd2 b4 19. Ne2 Bxc2 20. Qg5 Rfb8 21. h4 Qc7 22. h5 h6 23. Qh4 Qd8 24. Qg3 Kh8 25. Bf4 Rc8 26. Ne5 Nxe5 27. Bxe5 Qg5 28. Qh2 b3 29. Bf4 Qf5 0-1

[Event "Titled Tuesday intern op 03rd Sep Early"]
[White "Sriram, Sarja"]
[Black "Korsunsky, Yuri"]
[Site "Chess.com INT"]
[Round "5"]
[Result "1-0"]
[Date "2024.09.03"]
[WhiteElo "2146"]
[BlackElo "2369"]
[PlyCount "107"]
[EventDate "2024.09.03"]
[EventType "swiss (blitz)"]
[EventRounds "11"]
[EventCountry "USA"]
[SourceTitle "EXT 2025"]
[Source "ChessBase"]
[SourceDate "2024.10.14"]
[SourceVersion "1"]
[SourceVersionDate "2024.10.14"]
[SourceQuality "1"]

1. Nf3 d5 2. d4 e6 3. c4 c5 4. cxd5 exd5 5. g3 Nc6 6. Bg2 Nf6 7. 0-0 Be7 8. Nc3 0-0 9. Bg5 c4 10. Ne5 Be6 11. e3 h6 12. Bxf6 Bxf6 13. f4 g6 14. Qf3 Bxe5 15. dxe5 d4 16. Rad1 d3 17. e4 Nd4 18. Qf2 Bg4 19. Rd2 f5 20. exf6 Rxf6 21. Nd5 Ne2+ 22. Kh1 Rf7 23. h3 Be6 24. Nc3 Qd7 25. Nxe2 dxe2 26. Qxe2 Qc8 27. g4 c3 28. Rd4 Qc5 29. bxc3 Qxc3 30. Qd2 Rc8 31. f5 Qxd2 32. Rxd2 Bc4 33. Rc1 Rfc7 34. a4 b6 35. Rdc2 a6 36. e5 b5 37. axb5 axb5 38. Kh2 Kg7 39. Kg3 Rc5 40. Bf1 Rxe5 41. Bxc4 bxc4 42. Rxc4 Rxc4 43. Rxc4 gxf5 44. Rc7+ Kg6 45. Rc6+ Kg7 46. Rc7+ Kg6 47. Rc6+ Kg7 48. Kf4 Ra5 49. gxf5 Ra4+ 50. Ke5 Ra1 51. Rc7+ Kg8 52. Kf6 h5 53. Rg7+ Kh8 54. Rb7 1-0

[Event "Titled Tuesday intern op 27th Aug Early"]
[White "Lesbekova, Asel"]
[Black "Sriram, Sarja"]
[Site "Chess.com INT"]
[Round "5"]
[Result "1-0"]
[Date "2024.08.27"]
[WhiteElo "1903"]
[BlackElo "2145"]
[PlyCount "61"]
[EventDate "2024.08.27"]
[EventType "swiss (blitz)"]
[EventRounds "11"]
[EventCountry "USA"]
[SourceTitle "EXT 2025"]
[Source "ChessBase"]
[SourceDate "2024.10.14"]
[SourceVersion "1"]
[SourceVersionDate "2024.10.14"]
[SourceQuality "1"]

1. e4 c5 2. Nf3 d6 3. Bb5+ Nc6 4. Bxc6+ bxc6 5. 0-0 Bg4 6. h3 Bh5 7. e5 e6 8. exd6 Bxd6 9. Nc3 Nf6 10. Re1 0-0 11. d3 Nd7 12. Ne4 Be7 13. Ng3 Bg6 14. Be3 Qc7 15. Qd2 Nb6 16. Bf4 Qb7 17. Ne5 c4 18. dxc4 Rad8 19. Qe2 Rd4 20. Be3 Rh4 21. b3 Bf6 22. Bc5 Re8 23. Rad1 Bxe5 24. Qxe5 Bxc2 25. Rd2 Bg6 26. Qg5 Rh6 27. Rd8 f6 28. Rxe8+ Bxe8 29. Qg4 f5 30. Nxf5 Rg6 31. Ne7+ 1-0

[Event "Titled Tuesday intern op 27th Aug Early"]
[White "Nigalidze, Gaioz"]
[Black "Sriram, Sarja"]
[Site "Chess.com INT"]
[Round "2"]
[Result "1-0"]
[Date "2024.08.27"]
[WhiteElo "2370"]
[BlackElo "2145"]
[PlyCount "61"]
[EventDate "2024.08.27"]
[EventType "swiss (blitz)"]
[EventRounds "11"]
[EventCountry "USA"]
[SourceTitle "EXT 2025"]
[Source "ChessBase"]
[SourceDate "2024.10.14"]
[SourceVersion "1"]
[SourceVersionDate "2024.10.14"]
[SourceQuality "1"]

1. d4 Nf6 2. c4 e6 3. Nf3 c5 4. d5 exd5 5. cxd5 d6 6. Nc3 g6 7. e4 a6 8. a4 Bg4 9. h3 Bxf3 10. Qxf3 Nbd7 11. Be2 Bg7 12. 0-0 0-0 13. Qg3 Re8 14. Bf3 Ne5 15. Be2 Ned7 16. Qd3 Rc8 17. Bf4 c4 18. Qc2 Nc5 19. f3 Nh5 20. Be3 Nb3 21. Rad1 Na5 22. Rfe1 Be5 23. Bf1 Qh4 24. Ne2 Nf4 25. Nxf4 Bxf4 26. Bf2 Qg5 27. h4 Qf6 28. Qc3 Qd8 29. g3 Be5 30. Qb4 Re7 31. Bb6 1-0

[Event "Titled Tuesday intern op 27th Aug Early"]
[White "Sriram, Sarja"]
[Black "Sarkar, Justin"]
[Site "Chess.com INT"]
[Round "6"]
[Result "1-0"]
[Date "2024.08.27"]
[WhiteElo "2145"]
[BlackElo "2276"]
[PlyCount "63"]
[EventDate "2024.08.27"]
[EventType "swiss (blitz)"]
[EventRounds "11"]
[EventCountry "USA"]
[SourceTitle "EXT 2025"]
[Source "ChessBase"]
[SourceDate "2024.10.14"]
[SourceVersion "1"]
[SourceVersionDate "2024.10.14"]
[SourceQuality "1"]

1. Nf3 Nf6 2. c4 g6 3. Nc3 Bg7 4. e4 0-0 5. d4 d6 6. Be2 e5 7. 0-0 Nbd7 8. Be3 Ng4 9. Bg5 f6 10. Bd2 Nh6 11. Qc2 c6 12. Rad1 Qe7 13. Rfe1 f5 14. Bg5 Qe8 15. dxe5 dxe5 16. exf5 gxf5 17. Bf1 Qg6 18. Bc1 e4 19. Nh4 Qh5 20. g3 Ne5 21. Be2 Qf7 22. Bf4 Be6 23. b3 Ng6 24. Nxg6 hxg6 25. f3 exf3 26. Bxf3 Ng4 27. Ne2 Rad8 28. Kg2 Rxd1 29. Rxd1 Re8 30. Nd4 Bc8 31. Bxg4 fxg4 32. Qf2 1-0

[Event "Titled Tuesday intern op 30th Jul Early"]
[White "Khamzin, Olzhas"]
[Black "Sriram, Sarja"]
[Site "Chess.com INT"]
[Round "8"]
[Result "1-0"]
[Date "2024.07.30"]
[WhiteElo "2272"]
[BlackElo "2138"]
[PlyCount "47"]
[EventDate "2024.07.30"]
[EventType "swiss (blitz)"]
[EventRounds "11"]
[EventCountry "USA"]
[SourceTitle "EXT 2025"]
[Source "ChessBase"]
[SourceDate "2024.10.14"]
[SourceVersion "1"]
[SourceVersionDate "2024.10.14"]
[SourceQuality "1"]

1. d4 Nf6 2. c4 e6 3. Nf3 c5 4. d5 exd5 5. cxd5 d6 6. Nc3 g6 7. e4 a6 8. a4 Bg4 9. Be2 Bxf3 10. Bxf3 Bg7 11. 0-0 0-0 12. a5 Nbd7 13. Qb3 Qc7 14. Bd2 Rfe8 15. Rfe1 Rac8 16. Na4 Ne5 17. Be2 Nxe4 18. Bf4 c4 19. Qb4 Nc5 20. Nb6 Ncd3 21. Bxd3 Nxd3 22. Rxe8+ Rxe8 23. Qa4 Nxb2 24. Qxe8+ 1-0

[Event "Titled Tuesday intern op 30th Jul Early"]
[White "Sriram, Sarja"]
[Black "Novikov, Evgenij"]
[Site "Chess.com INT"]
[Round "7"]
[Result "1/2-1/2"]
[Date "2024.07.30"]
[WhiteElo "2138"]
[BlackElo "2276"]
[PlyCount "73"]
[EventDate "2024.07.30"]
[EventType "swiss (blitz)"]
[EventRounds "11"]
[EventCountry "USA"]
[SourceTitle "EXT 2025"]
[Source "ChessBase"]
[SourceDate "2024.10.14"]
[SourceVersion "1"]
[SourceVersionDate "2024.10.14"]
[SourceQuality "1"]

1. Nf3 d5 2. d4 Nf6 3. c4 c6 4. e3 a6 5. Nc3 b5 6. b3 Bg4 7. Be2 Bxf3 8. Bxf3 e6 9. 0-0 Bb4 10. Bd2 Bxc3 11. Bxc3 0-0 12. a4 Nbd7 13. axb5 axb5 14. cxb5 cxb5 15. Bb4 Re8 16. Qd3 Qb6 17. Be2 Rxa1 18. Rxa1 Rb8 19. Ra5 Ne4 20. Rxb5 Qc7 21. Rxb8+ Nxb8 22. f3 Nd6 23. Bc5 Nd7 24. b4 Nc4 25. Qb3 Ndb6 26. e4 g6 27. exd5 exd5 28. g3 h5 29. b5 h4 30. Kg2 Qd7 31. gxh4 Qe8 32. Bf1 Qe1 33. Bxb6 Ne3+ 34. Qxe3 Qxe3 35. Bc5 Qd2+ 36. Kg3 Qe1+ 37. Kg2 1/2-1/2

[Event "Canadian op"]
[White "Nassar, Marc"]
[Black "Sriram, Sarja"]
[Site "Laval"]
[Round "7"]
[Result "0-1"]
[Date "2024.07.17"]
[WhiteElo "1936"]
[BlackElo "2138"]
[PlyCount "88"]
[EventDate "2024.07.13"]
[EventType "swiss"]
[EventRounds "9"]
[EventCountry "CAN"]
[SourceTitle "EXT 2025"]
[Source "ChessBase"]
[SourceDate "2024.10.14"]
[SourceVersion "1"]
[SourceVersionDate "2024.10.14"]
[SourceQuality "1"]

1. e4 c5 2. d4 cxd4 3. c3 Nf6 4. e5 Nd5 5. Nf3 e6 6. cxd4 d6 7. Bd3 Bd7 8. 0-0 Bc6 9. Nc3 Nd7 10. Qe2 dxe5 11. Nxe5 Nxe5 12. Qxe5 Qd6 13. Qg5 h6 14. Qh5 Nf6 15. Qh4 Be7 16. Rd1 Rd8 17. Bc2 a6 18. a3 b5 19. Qh3 Qb8 20. Rd3 Nd5 21. Qg4 Nf6 22. Qh3 Bd6 23. Bg5 Bxh2+ 24. Kh1 Bf4 25. Bxf6 gxf6 26. d5 exd5 27. Re1+ Kf8 28. Qh5 Re8 29. Rdd1 Re5 30. Qf3 Rxe1+ 31. Rxe1 Qd6 32. Bb3 Kg7 33. Bxd5 Re8 34. Rd1 Qe5 35. g3 Bxd5 36. Rxd5 Qe1+ 37. Kg2 Bg5 38. Rd7 Qe6 39. Qb7 f5 40. Rc7 f4 41. Rc6 Qf5 42. Rc7 fxg3 43. fxg3 Re1 44. Qf3 Rg1+ 0-1

[Event "Canadian op"]
[White "Ber, Yves"]
[Black "Sriram, Sarja"]
[Site "Laval"]
[Round "5"]
[Result "0-1"]
[Date "2024.07.16"]
[WhiteElo "1920"]
[BlackElo "2138"]
[PlyCount "76"]
[EventDate "2024.07.13"]
[EventType "swiss"]
[EventRounds "9"]
[EventCountry "CAN"]
[SourceTitle "EXT 2025"]
[Source "ChessBase"]
[SourceDate "2024.10.14"]
[SourceVersion "1"]
[SourceVersionDate "2024.10.14"]
[SourceQuality "1"]

1. d4 Nf6 2. Nf3 e6 3. c4 c5 4. e3 cxd4 5. exd4 d5 6. Nc3 Bb4 7. a3 Bxc3+ 8. bxc3 dxc4 9. Bxc4 Qc7 10. Bb5+ Bd7 11. Qd3 0-0 12. Bxd7 Nbxd7 13. Bd2 e5 14. Qb5 exd4 15. 0-0 dxc3 16. Rac1 Qd6 17. Rxc3 Rfc8 18. Rfc1 Rxc3 19. Rxc3 Re8 20. h3 h6 21. Rd3 Qc5 22. Qxc5 Nxc5 23. Re3 Rd8 24. Bb4 Nce4 25. Kf1 Rd1+ 26. Re1 Rd7 27. Rc1 b5 28. Rc8+ Kh7 29. Ne5 Rd1+ 30. Ke2 Ra1 31. Rc2 a5 32. Bf8 Rg1 33. g3 Nd5 34. h4 Nec3+ 35. Kd3 f6 36. Nd7 Kg8 37. Bd6 Rd1+ 38. Rd2 Rxd2+ 0-1

[Event "Titled Tuesday intern op 09th Jul Early"]
[White "Bestard Borras, Miguel"]
[Black "Sriram, Sarja"]
[Site "Chess.com INT"]
[Round "1"]
[Result "0-1"]
[Date "2024.07.09"]
[WhiteElo "2113"]
[BlackElo "2138"]
[PlyCount "62"]
[EventDate "2024.07.09"]
[EventType "swiss (blitz)"]
[EventRounds "11"]
[EventCountry "USA"]
[SourceTitle "EXT 2025"]
[Source "ChessBase"]
[SourceDate "2024.10.14"]
[SourceVersion "1"]
[SourceVersionDate "2024.10.14"]
[SourceQuality "1"]

1. d4 Nf6 2. Bf4 e6 3. Nd2 c5 4. e3 b6 5. Ne2 Bb7 6. Nc3 a6 7. a4 Be7 8. Nc4 cxd4 9. exd4 d5 10. Ne5 Nc6 11. Nxc6 Bxc6 12. Bd3 0-0 13. 0-0 Qd7 14. Re1 b5 15. a5 b4 16. Nb1 Bb5 17. Nd2 Rfc8 18. Nf3 Bxd3 19. Qxd3 Ne4 20. Ne5 Qe8 21. Re3 f6 22. Nf3 Rc6 23. Rae1 Rac8 24. Rxe4 dxe4 25. Qxe4 Qg6 26. d5 Qxe4 27. Rxe4 Rxc2 28. Rxe6 Bf8 29. h4 Rxb2 30. Rxa6 b3 31. Rb6 Rd8 0-1

[Event "Titled Tuesday intern op 09th Jul Early"]
[White "Sriram, Sarja"]
[Black "Lira, Suan Bruno Fernande"]
[Site "Chess.com INT"]
[Round "4"]
[Result "0-1"]
[Date "2024.07.09"]
[WhiteElo "2138"]
[BlackElo "2055"]
[PlyCount "84"]
[EventDate "2024.07.09"]
[EventType "swiss (blitz)"]
[EventRounds "11"]
[EventCountry "USA"]
[SourceTitle "EXT 2025"]
[Source "ChessBase"]
[SourceDate "2024.10.14"]
[SourceVersion "1"]
[SourceVersionDate "2024.10.14"]
[SourceQuality "1"]

1. Nf3 Nf6 2. c4 e6 3. Nc3 d5 4. d4 a5 5. Bg5 c6 6. cxd5 exd5 7. Qc2 Be7 8. e3 0-0 9. Bd3 Nbd7 10. h3 h6 11. Bf4 Re8 12. Ne5 Nxe5 13. dxe5 Nd7 14. Bh2 Bh4 15. g3 Be7 16. f4 Nc5 17. Bh7+ Kh8 18. 0-0-0 Bxh3 19. Bf5 Bxf5 20. Qxf5 Kg8 21. g4 a4 22. g5 g6 23. Qc2 h5 24. f5 Kh7 25. f6 Bf8 26. Bf4 Kg8 27. Rxh5 gxh5 28. g6 Qd7 29. gxf7+ Qxf7 30. Rg1+ Kh8 31. Qf5 Ne6 32. Rh1 Ng7 33. Qg5 Kg8 34. e4 dxe4 35. Nxe4 Qc4+ 36. Kb1 Qxe4+ 37. Kc1 Qxh1+ 38. Kd2 Qd5+ 39. Ke3 Rad8 40. f7+ Kxf7 41. Qf6+ Kg8 42. Qd6 Qxd6 0-1

[Event "Titled Tuesday intern op 02nd Jul Late"]
[White "Osmonbekov, Talaibek D"]
[Black "Sriram, Sarja"]
[Site "Chess.com INT"]
[Round "5"]
[Result "0-1"]
[Date "2024.07.02"]
[WhiteElo "2109"]
[BlackElo "2138"]
[PlyCount "22"]
[EventDate "2024.07.02"]
[EventType "swiss (blitz)"]
[EventRounds "11"]
[EventCountry "USA"]
[SourceTitle "EXT 2025"]
[Source "ChessBase"]
[SourceDate "2024.10.14"]
[SourceVersion "1"]
[SourceVersionDate "2024.10.14"]
[SourceQuality "1"]

1. d4 e6 2. Nc3 d5 3. Bf4 Bd6 4. e3 Bxf4 5. Nf3 Bd6 6. Bd3 Nf6 7. 0-0 0-0 8. Re1 c5 9. e4 dxe4 10. Nxe4 cxd4 11. Nxd4 Be7 0-1

[Event "Titled Tuesday intern op 25th Jun Late"]
[White "Gelman, Alexander"]
[Black "Sriram, Sarja"]
[Site "Chess.com INT"]
[Round "4"]
[Result "1-0"]
[Date "2024.06.25"]
[WhiteElo "2403"]
[BlackElo "2138"]
[PlyCount "157"]
[EventDate "2024.06.25"]
[EventType "swiss (blitz)"]
[EventRounds "11"]
[EventCountry "USA"]
[SourceTitle "EXT 2025"]
[Source "ChessBase"]
[SourceDate "2024.10.14"]
[SourceVersion "1"]
[SourceVersionDate "2024.10.14"]
[SourceQuality "1"]

1. c4 e5 2. d3 Nc6 3. a3 a5 4. e3 f5 5. Nf3 Nf6 6. Nc3 g6 7. Be2 Bg7 8. Qc2 d6 9. Bd2 Be6 10. h3 h6 11. Rg1 Qd7 12. Nh4 g5 13. Nf3 0-0 14. 0-0-0 d5 15. g4 fxg4 16. hxg4 d4 17. Na4 b6 18. Nh2 Rad8 19. Kb1 Rb8 20. Ka1 Qe7 21. Bf3 e4 22. dxe4 d3 23. Qxd3 Ne5 24. Qc2 Bxc4 25. Bc3 Bf7 26. Bh1 Qe6 27. Rd5 Nxd5 28. exd5 Qd6 29. f4 Ng6 30. Bxg7 Kxg7 31. Nc3 gxf4 32. g5 h5 33. Ne4 Qxd5 34. Qc3+ Qe5 35. Qxe5+ Nxe5 36. exf4 Ng4 37. Nxg4 hxg4 38. Nf6 Be6 39. Be4 Rxf6 40. gxf6+ Kxf6 41. f5 Bxf5 42. Rf1 Ke5 43. Bxf5 Rf8 44. Re1+ Kxf5 45. Rf1+ Ke4 46. Rxf8 g3 47. Ka2 g2 48. Rg8 Kf3 49. Kb3 b5 50. Kc3 Kf2 51. Kd4 g1Q 52. Rxg1 Kxg1 53. Kc5 b4 54. a4 Kf2 55. Kb5 Ke3 56. Kxa5 Kd4 57. Kxb4 Kd5 58. Kb5 c6+ 59. Kb6 Kc4 60. a5 c5 61. a6 Kb3 62. a7 c4 63. a8Q Kxb2 64. Qg2+ Kb3 65. Kc5 c3 66. Kd4 c2 67. Qf3+ Kb2 68. Qc3+ Kb1 69. Qb3+ Ka1 70. Qa3+ Kb1 71. Qb4+ Ka1 72. Qc3+ Kb1 73. Qd3 Kb2 74. Qd2 Kb1 75. Qb4+ Ka1 76. Qe1+ Kb2 77. Qe2 Kb1 78. Kc4 c1Q+ 79. Kb3 1-0

[Event "Titled Tuesday intern op 25th Jun Late"]
[White "Sriram, Sarja"]
[Black "Korchynskyi, Mykola"]
[Site "Chess.com INT"]
[Round "2"]
[Result "0-1"]
[Date "2024.06.25"]
[WhiteElo "2138"]
[BlackElo "2321"]
[PlyCount "48"]
[EventDate "2024.06.25"]
[EventType "swiss (blitz)"]
[EventRounds "11"]
[EventCountry "USA"]
[SourceTitle "EXT 2025"]
[Source "ChessBase"]
[SourceDate "2024.10.14"]
[SourceVersion "1"]
[SourceVersionDate "2024.10.14"]
[SourceQuality "1"]

1. Nf3 d5 2. d4 Nf6 3. c4 e6 4. Nc3 Be7 5. Bg5 0-0 6. e3 b6 7. Be2 dxc4 8. Bxc4 Bb7 9. 0-0 Nbd7 10. Qe2 c5 11. Rad1 cxd4 12. exd4 Rc8 13. Ne5 Nd5 14. Bxd5 Bxd5 15. Nxd7 Qxd7 16. Bxe7 Bc4 17. Qg4 Qxe7 18. Rfe1 Qb7 19. Ne4 f5 20. Nd6 fxg4 21. Nxb7 Bd5 22. Nd6 Rc2 23. Rf1 Rxb2 24. a3 Rd8 0-1

[Event "Titled Tuesday intern op 25th Jun Early"]
[White "Sriram, Sarja"]
[Black "Tiitta, Sauli"]
[Site "Chess.com INT"]
[Round "10"]
[Result "1-0"]
[Date "2024.06.25"]
[WhiteElo "2138"]
[BlackElo "2148"]
[PlyCount "93"]
[EventDate "2024.06.25"]
[EventType "swiss (blitz)"]
[EventRounds "11"]
[EventCountry "USA"]
[SourceTitle "EXT 2025"]
[Source "ChessBase"]
[SourceDate "2024.10.14"]
[SourceVersion "1"]
[SourceVersionDate "2024.10.14"]
[SourceQuality "1"]

1. Nf3 c5 2. c4 g6 3. e4 Bg7 4. d4 cxd4 5. Nxd4 Nc6 6. Be3 Nf6 7. Nc3 0-0 8. Be2 b6 9. 0-0 Bb7 10. f3 Qb8 11. Qd2 Rd8 12. Rfd1 d6 13. Rac1 Rd7 14. Bf1 Qf8 15. Nxc6 Bxc6 16. b4 e6 17. Bd4 Rad8 18. Qf2 Kh8 19. a4 d5 20. cxd5 exd5 21. e5 Ng8 22. Nb5 Qxb4 23. Rxc6 Qxa4 24. Qc2 Qxc2 25. Rxc2 Ne7 26. Nd6 Nf5 27. Nxf5 gxf5 28. f4 Kg8 29. Rdc1 Kf8 30. Bb5 Rb7 31. Rc8 Rb8 32. Rxd8+ Rxd8 33. Rc7 Kg8 34. Bc6 Bh6 35. g3 Bf8 36. Kf2 Bc5 37. Ke3 a5 38. Bb5 Ra8 39. Ba4 Bxd4+ 40. Kxd4 b5 41. Bxb5 a4 42. Bc6 Ra5 43. Bxd5 a3 44. Ba2 Rb5 45. Bxf7+ Kh8 46. Bc4 Rb4 47. Ra7 1-0

[Event "Mumbai Mayors Cup 4th"]
[White "Swapnil, S Dhopade"]
[Black "Sriram, Sarja"]
[Site "Mumbai"]
[Round "5"]
[Result "1/2-1/2"]
[Date "2011.09.19"]
[WhiteElo "2411"]
[BlackElo "2201"]
[PlyCount "32"]
[EventDate "2011.09.16"]
[EventType "swiss"]
[EventRounds "11"]
[EventCountry "IND"]
[SourceTitle "CBM 144 Extra"]
[Source "ChessBase"]
[SourceDate "2011.10.28"]
[SourceVersion "1"]
[SourceVersionDate "2011.10.28"]
[SourceQuality "1"]

1. d4 Nf6 2. c4 e6 3. Nf3 c5 4. g3 cxd4 5. Nxd4 a6 6. Bg2 Qc7 7. Nc3 Qxc4 8. Nb3 Nc6 9. Bf4 d5 10. Rc1 Qb4 11. 0-0 Be7 12. h3 0-0 13. Bc7 Bd8 14. Bf4 Be7 15. Bc7 Bd8 16. Bf4 Be7 1/2-1/2

[Event "Asia Cities-ch 17th"]
[White "Khalaji, Hanieh"]
[Black "Sriram, Sarja"]
[Site "Jakarta"]
[Round "6.5"]
[Result "0-1"]
[Date "2011.04.26"]
[WhiteElo "1967"]
[BlackElo "2219"]
[PlyCount "156"]
[EventDate "2011.04.22"]
[EventType "team-swiss"]
[EventRounds "9"]
[EventCountry "INA"]
[SourceTitle "CBM 142 Extra"]
[Source "ChessBase"]
[SourceDate "2011.06.27"]
[SourceVersion "1"]
[SourceVersionDate "2011.06.27"]
[SourceQuality "1"]
[WhiteTeam "Mashhad"]
[BlackTeam "Bangalore"]
[WhiteTeamCountry "IRI"]
[BlackTeamCountry "IND"]

1. e4 c5 2. Nf3 d6 3. d4 cxd4 4. Nxd4 Nf6 5. Nc3 a6 6. Be2 e5 7. Nb3 Be7 8. 0-0 0-0 9. f4 exf4 10. Bxf4 Nc6 11. Kh1 Be6 12. Qe1 Ne8 13. Rd1 Qb6 14. Nd5 Bxd5 15. exd5 Ne5 16. Bxe5 dxe5 17. Bd3 Bd6 18. Rf3 g6 19. c4 f5 20. c5 Bxc5 21. Qxe5 Nd6 22. Qe6+ Rf7 23. Qe1 Re8 24. Qg3 a5 25. Re1 Rfe7 26. Ref1 Re3 27. h4 a4 28. Nxc5 Qxc5 29. h5 Kg7 30. Qg5 Rxf3 31. Rxf3 Re1+ 32. Kh2 Nf7 33. h6+ Nxh6 34. Bxf5 Qxd5 35. Qg3 Re7 36. Bh3 Ng8 37. Rf4 Qe5 38. Rxa4 Qxb2 39. Ra8 Nf6 40. Qb8 Qe5+ 41. Qxe5 Rxe5 42. Ra7 Kh6 43. Rxb7 Ra5 44. Be6 Kg5 45. Kg3 Ne4+ 46. Kh3 Nc5 47. Rb6 Nxe6 48. Rxe6 Rxa2 49. Re4 h5 50. Rb4 Ra3+ 51. g3 Ra5 52. Rc4 Rd5 53. Ra4 Rd1 54. Rb4 Rd6 55. Ra4 Re6 56. Rb4 Kh6 57. Rb8 g5 58. Rh8+ Kg6 59. Rg8+ Kf5 60. Rf8+ Ke4 61. Rh8 Kf3 62. Rxh5 Re1 63. Kh2 Re2+ 64. Kg1 Re1+ 65. Kh2 Kg4 66. Rh7 Re2+ 67. Kg1 Kxg3 68. Kf1 Ra2 69. Rb7 g4 70. Rb3+ Kh2 71. Rb7 Ra1+ 72. Ke2 g3 73. Rh7+ Kg2 74. Rh6 Ra2+ 75. Ke1 Kg1 76. Rg6 g2 77. Rg8 Ra5 78. Rh8 Re5+ 0-1

[Event "Asia Cities-ch 16th"]
[White "Allan, Wael M"]
[Black "Sriram, Sarja"]
[Site "Beirut"]
[Round "9.2"]
[Result "0-1"]
[Date "2009.04.23"]
[WhiteElo "2090"]
[BlackElo "2219"]
[PlyCount "108"]
[EventDate "2009.04.16"]
[EventType "team-swiss"]
[EventRounds "9"]
[EventCountry "LBN"]
[SourceTitle "EXT 2020"]
[Source "ChessBase"]
[SourceDate "2019.10.17"]
[SourceVersion "1"]
[SourceVersionDate "2019.10.17"]
[SourceQuality "1"]
[WhiteTeam "Amman"]
[BlackTeam "Bangalore"]
[WhiteTeamCountry "JOR"]
[BlackTeamCountry "IND"]

1. e4 c5 2. Nf3 d6 3. Bb5+ Nd7 4. 0-0 Ngf6 5. Re1 a6 6. Bf1 b6 7. d4 cxd4 8. Nxd4 Bb7 9. Nc3 e6 10. Bg5 Be7 11. f4 Qc7 12. f5 e5 13. Nb3 b5 14. a3 h6 15. Bd2 0-0 16. Rc1 Nc5 17. Qf3 Rac8 18. Bd3 Rfe8 19. h3 d5 20. Kh1 dxe4 21. Nxe4 Ncxe4 22. Bxe4 Nxe4 23. Rxe4 Bxe4 24. Qxe4 Qc4 25. Qf3 e4 26. Qg3 e3 27. Bc3 Bg5 28. Nd4 Qc7 29. Qf3 e2 30. Re1 Re3 31. Qf2 Qf4 32. Qxf4 Bxf4 33. Rxe2 Rce8 34. Rxe3 Bxe3 35. Nf3 Bf2 36. g4 Re2 37. Bd2 Bg3 38. Bc3 Rxc2 39. Nd4 Rc1+ 40. Kg2 Be1 41. Bxe1 Rxe1 42. Kf2 Rb1 43. b3 Kf8 44. h4 Ke7 45. g5 hxg5 46. hxg5 Kd6 47. g6 fxg6 48. fxg6 Ke5 49. Nf3+ Kf6 50. Nd2 Rb2 51. Ke3 Kxg6 52. a4 b4 53. Kd3 Rxd2+ 54. Kxd2 Kf5 0-1

[Event "Asia Cities-ch 16th"]
[White "Moosavian, S Hamed"]
[Black "Sriram, Sarja"]
[Site "Beirut"]
[Round "6.1"]
[Result "1/2-1/2"]
[Date "2009.04.20"]
[WhiteElo "2395"]
[BlackElo "2219"]
[PlyCount "60"]
[EventDate "2009.04.16"]
[EventType "team-swiss"]
[EventRounds "9"]
[EventCountry "LBN"]
[SourceTitle "EXT 2020"]
[Source "ChessBase"]
[SourceDate "2019.10.17"]
[SourceVersion "1"]
[SourceVersionDate "2019.10.17"]
[SourceQuality "1"]
[WhiteTeam "Tehran"]
[BlackTeam "Bangalore"]
[WhiteTeamCountry "IRI"]
[BlackTeamCountry "IND"]

1. e4 c5 2. Nf3 d6 3. Bb5+ Nc6 4. 0-0 Bd7 5. c3 Nf6 6. Re1 a6 7. Bxc6 Bxc6 8. d4 Bxe4 9. Bg5 Bd5 10. Nbd2 e6 11. c4 Bxf3 12. Qxf3 cxd4 13. Qxb7 Be7 14. Nf3 h6 15. Nxd4 Qc8 16. Qxc8+ Rxc8 17. Be3 Rxc4 18. Rec1 Rxc1+ 19. Rxc1 Kd7 20. Rc4 Rb8 21. b3 Nd5 22. Ra4 Nc7 23. Kf1 d5 24. f4 f6 25. Nf3 Bd6 26. f5 e5 27. Rg4 Bf8 28. Bd2 d4 29. Ke2 Kc6 30. Kd3 Kd5 1/2-1/2

[Event "Asia Cities-ch 16th"]
[White "Altarboush, Wared"]
[Black "Sriram, Sarja"]
[Site "Beirut"]
[Round "2.3"]
[Result "0-1"]
[Date "2009.04.17"]
[WhiteElo "2148"]
[BlackElo "2219"]
[PlyCount "88"]
[EventDate "2009.04.16"]
[EventType "team-swiss"]
[EventRounds "9"]
[EventCountry "LBN"]
[SourceTitle "EXT 2020"]
[Source "ChessBase"]
[SourceDate "2019.10.17"]
[SourceVersion "1"]
[SourceVersionDate "2019.10.17"]
[SourceQuality "1"]
[WhiteTeam "Damascus"]
[BlackTeam "Bangalore"]
[WhiteTeamCountry "SYR"]
[BlackTeamCountry "IND"]

1. e4 c5 2. Nf3 d6 3. d4 cxd4 4. Nxd4 Nf6 5. Nc3 a6 6. Be2 e5 7. Nb3 Be7 8. Bg5 Nbd7 9. a4 b6 10. Nd5 Bb7 11. Nxe7 Qxe7 12. f3 h6 13. Bh4 d5 14. exd5 Qb4+ 15. Qd2 Qxh4+ 16. g3 Qg5 17. Qxg5 hxg5 18. c4 Nc5 19. Ra3 a5 20. Nxc5 bxc5 21. Re3 Kd7 22. Rxe5 Kd6 23. Rxg5 g6 24. Bd3 Bc8 25. f4 Rb8 26. Re5 Rxb2 27. Re2 Re8 28. Rxe8 Nxe8 29. 0-0 Rd2 30. Bb1 Nf6 31. Re1 Bh3 32. Be4 Nxe4 33. Rxe4 Rd4 34. Re8 Rxc4 35. Rf8 Ke7 36. Ra8 Rxa4 37. Ra7+ Bd7 38. h4 Kd6 39. f5 c4 40. fxg6 fxg6 41. Ra6+ Kxd5 42. Rxg6 c3 43. Rg5+ Kd6 44. Rg6+ Be6 0-1

[Event "Asia-ch U20"]
[White "Sriram, Sarja"]
[Black "Lakshmi, Narayanan MV"]
[Site "Bikaner"]
[Round "10"]
[Result "1-0"]
[Date "2004.12.29"]
[WhiteElo "2260"]
[BlackElo "1897"]
[PlyCount "67"]
[EventDate "2004.12.22"]
[EventType "swiss"]
[EventRounds "11"]
[EventCountry "IND"]
[SourceTitle "CBM 104 Extra"]
[Source "ChessBase"]
[SourceDate "2005.03.01"]
[SourceVersion "1"]
[SourceVersionDate "2005.03.01"]
[SourceQuality "1"]

1. Nf3 Nf6 2. c4 e6 3. Nc3 Bb4 4. Qc2 b6 5. a3 Bxc3 6. Qxc3 Bb7 7. e3 0-0 8. Be2 Ne4 9. Qc2 f5 10. b3 c5 11. Bb2 d6 12. d3 Nf6 13. b4 Qe7 14. 0-0 Nbd7 15. Qc3 Rae8 16. a4 e5 17. a5 e4 18. Nd2 exd3 19. Bxd3 Ne4 20. Bxe4 fxe4 21. axb6 axb6 22. Ra7 Ba8 23. Qxg7+ Qxg7 24. Bxg7 Rf7 25. Bc3 Ne5 26. Rxf7 Nxf7 27. Ra1 Bb7 28. Ra7 Rb8 29. Kf1 Nd8 30. bxc5 bxc5 31. Ra1 Ra8 32. Rb1 Kf7 33. Ke1 Ke6 34. f3 1-0